Statistics for The Legend of Zelda: Tears of the Kingdom Armor

Click here to take the quiz!

General Stats

  • This quiz has been taken 26 times
  • The average score is 37 of 136

Answer Stats

EffectArmor% Correct
NoneCap of Time
57%
NoneCap of the Wild
50%
NoneCap of the Wind
50%
NoneChampion’s Leathers
50%
NoneHylian Hood
50%
NoneHylian Hood (Unhooded)
50%
NoneHylian Trousers
50%
NoneTunic of Time
50%
Swim Speed UpZora Armor
50%
Swim Speed UpZora Helm
50%
NoneCap of the Hero
43%
NoneCap of Twilight
43%
Flame GuardFlamebreaker Armor
43%
Flame GuardFlamebreaker Helm
43%
NoneMajora’s Mask
43%
NoneTrousers of the Hero
43%
NoneTrousers of the Wild
43%
NoneTrousers of the Wind
43%
NoneTrousers of Time
43%
NoneTrousers of Twilight
43%
NoneTunic of the Hero
43%
NoneTunic of the Wild
43%
NoneTunic of the Wind
43%
NoneTunic of Twilight
43%
Cold ResistanceVah Medoh Divine Helm
43%
Shock ResistanceVah Naboris Divine Helm
43%
Swim Speed UpVah Ruta Divine Helm
43%
Swim Speed UpZora Greaves
43%
Attack UpBarbarian Armor
36%
NoneBokoblin Mask
36%
NoneDark Hood
36%
NoneDark Trousers
36%
NoneDark Tunic
36%
Stealth UpEvil Spirit Armor
36%
Flame GuardFlamebreaker Boots
36%
NoneHylian Tunic
36%
Lightning ProofLightning Helm
36%
NoneLizalfos Mask
36%
NoneLynel Mask
36%
Shock ResistanceRubber Armor
36%
Shock ResistanceRubber Helm
36%
Stealth UpYiga Armor
36%
Attack UpBarbarian Helm
29%
NoneCap of the Sky
29%
Climb Speed UpClimber’s Bandana
29%
Heat ResistanceDesert Voe Headband
29%
Attack UpFierce Deity Armor
29%
Attack UpFierce Deity Mask
29%
Cold Weather AttackFrostbite Headdress
29%
Skydive Mobility UpGlide Mask
29%
NoneHorriblin Mask
29%
NoneKorok Mask
29%
Gloom ResistanceMidna’s Helmet
29%
GlowMiner’s Top
29%
GlowMiner’s Trousers
29%
NoneMoblin Mask
29%
NoneRoyal Guard Cap
29%
NoneRoyal Guard Uniform
29%
Shock ResistanceRubber Tights
29%
Cold ResistanceSnowquill Headdress
29%
Cold ResistanceSnowquill Trousers
29%
NoneSoldier’s Armor
29%
NoneSoldier’s Greaves
29%
NoneSoldier’s Helm
29%
Stealth UpStealth Tights
29%
NoneTrousers of the Sky
29%
NoneTunic of Memories
29%
NoneTunic of the Sky
29%
Flame GuardVah Rudania Divine Helm
29%
Stealth UpYiga Mask
29%
Stealth UpYiga Tights
29%
Energy UpZonaite Helm
29%
NoneAmber Earrings
21%
NoneArchaic Tunic
21%
NoneCece Hat
21%
Climb Speed UpClimbing Boots
21%
Heat ResistanceDesert Voe Trousers
21%
Attack UpDiamond Circlet
21%
Stealth UpEvil Spirit Greaves
21%
Stealth UpEvil Spirit Mask
21%
Attack UpFierce Deity Boots
21%
Cold Weather AttackFrostbite Shirt
21%
Cold Weather AttackFrostbite Trousers
21%
NoneMask of Awakening
21%
Swim Speed UpOpal Earrings
21%
Attack UpPhantom Armor
21%
Attack UpPhantom Greaves
21%
Attack UpPhantom Helmet
21%
NoneRoyal Guard Boots
21%
Cold ResistanceRuby Circlet
21%
Sand Speed UpSand Boots
21%
Heat ResistanceSapphire Circlet
21%
Stealth UpSheik’s Mask
21%
Snow Speed UpSnow Boots
21%
Cold ResistanceSnowquill Tunic
21%
Stealth UpStealth Mask
21%
Shock ResistanceTopaz Earrings
21%
NoneTrousers of Awakening
21%
NoneTunic of Awakening
21%
NoneWell-Worn Hair Band
21%
NoneAncient Hero’s Aspect
14%
Cold ResistanceArchaic Warm Greaves
14%
Stormy Weather AttackCharged Headdress
14%
Stormy Weather AttackCharged Shirt
14%
Climb Speed UpClimbing Gear
14%
Heat ResistanceDesert Voe Spaulder
14%
Hot Weather AttackEmber Headdress
14%
Hot Weather AttackEmber Shirt
14%
Slip ResistanceFroggy Sleeve
14%
Gloom ResistanceGaiters of the Depths
14%
Skydive Mobility UpGlide Shirt
14%
Skydive Mobility UpGlide Tights
14%
Heat ResistanceIsland Lobster Shirt
14%
GlowMiner’s Mask
14%
Rupee PaddingMystic Robe
14%
Rupee PaddingMystic Trousers
14%
NoneRadiant Mask
14%
NoneRadiant Shirt
14%
NoneRadiant Tights
14%
NoneRavio’s Hood
14%
Stealth UpStealth Chest Guard
14%
NoneTingle’s Hood
14%
Gloom ResistanceTunic of the Depths
14%
UnfreezableZant’s Helmet
14%
Energy UpZonaite Waistguard
14%
NoneArchaic Legwear
7%
Attack UpBarbarian Leg Wraps
7%
Stormy Weather AttackCharged Trousers
7%
Hot Weather AttackEmber Trousers
7%
Slip ResistanceFroggy Hood
7%
Slip ResistanceFroggy Leggings
7%
Gloom ResistanceHood of the Depths
7%
Rupee PaddingMystic Headpiece
7%
NoneTingle’s Shirt
7%
NoneTingle’s Tights
7%
Energy UpZonaite Shin Guards
7%

Score Distribution

Percentile by Number Answered

Percent of People with Each Score

Your Score History

You have not taken this quiz